000 00413nam a22001457a 4500
003 OSt
008 260430b |||||||| |||| 00| 0 eng d
082 _a633.1
_bZ20
100 _aShamsuzzaman, Md.
245 _aOptimum Seeding time Phosphate Level and Irrigation Schedule for Summer (Phascolus Mungo L.)
260 _aPusa, Samastipur
_bRAU
_c1975
502 _bMsc.
_d1975
650 _aAgronomy
942 _2ddc
_cT
999 _c50337
_d50337